| 000 | 01539nam a2200373 a 4500 | ||
|---|---|---|---|
| 001 | 0000383 | ||
| 003 | DO-SdBNP | ||
| 005 | 20180314120642.0 | ||
| 007 | 0000383 | ||
| 008 | 150817s2013 ac spa d | ||
| 020 | _a9789945120677 | ||
| 040 |
_aBPMSU _bspa _cBPMSU |
||
| 092 |
_a373.832 _bS594c 1ro. 2013 |
||
| 100 | 1 | _aSimón Consuegra, José Miguel | |
| 245 | 1 | 0 |
_aCívica 1 ; formación en valores y civismo. _b[educación media] / _cJosé Miguel Simón Consuegra, Margarita Hernández Tejada ; ilustración Julio Cesar Martínez |
| 260 |
_aSanto Domingo : _bMinisterio de Educación, _c2013. |
||
| 300 |
_a136 p : _bil. retrs. _c28 cm. |
||
| 500 | _a1er. grado / primer ciclo | ||
| 500 | _aProhibida su venta. Propiedad del Ministerio de Educación. | ||
| 504 | _aBibliografía p: 136 | ||
| 505 | 1 |
_tSociedad y educación cívica -- _tDesarrollo individual, personal y social -- _tLa familia -- _tDerechos y deberes -- _tLas relaciones de convivencia -- |
|
| 650 | 4 |
_aEDUCACIÓN CÍVICA _xENSEÑANZA SECUNDARIA |
|
| 650 | 4 |
_aEDUCACIÓN SECUNDARIA _zREPÚBLICA DOMINICANA |
|
| 650 | 4 |
_aEDUCACIÓN CÍVICA _xLIBROS DE TEXTOS |
|
| 650 | 4 |
_aEDUCACIÓN CÍVICA _xESTUDIOS Y EJERCICIOS |
|
| 650 | 4 |
_aEDUCACIÓN SECUNDARIA _zREPÚBLICA DOMINICANA |
|
| 700 | 1 | 2 | _aHernández Tejada, Margarita |
| 700 | 1 | 2 |
_aMartínez, Julio César _eil. |
| 700 | 1 |
_aSandoval, Ramón _eil. |
|
| 910 | _aValidado. Control de calidad MFF | ||
| 942 |
_2ddc _cBK |
||
| 945 | _aRemanejado para la BNPHU /2018 VM | ||
| 956 |
_aYngrid Lockward _b10 |
||
| 999 |
_c10096 _d10096 |
||